| 000 | 00561nam a2200217Ia 4500 | ||
|---|---|---|---|
| 003 | OSt | ||
| 005 | 20140311163058.0 | ||
| 008 | 140130s9999 xx 000 0 und d | ||
| 020 | _a0590511858 | ||
| 050 |
_aPZ 7 _b.C4523Fl 1999 |
||
| 100 |
_aChristelow, Eileen _927877 |
||
| 245 |
_aFive little monkeys with nothing to do / _cChristelow, Eileen |
||
| 260 |
_bScholastic, _c1996. _aNew York : |
||
| 300 |
_a36 p. : _bcol. ill. ; _c19 cm. |
||
| 440 |
_v1 _931174 |
||
| 521 | _aG2 | ||
| 526 | _c400 | ||
| 942 |
_cBK _2lcc |
||
| 999 |
_c40239 _d40239 |
||